| 000 | 00600nam a22002057a 4500 | ||
|---|---|---|---|
| 003 | MX-MxUPN | ||
| 005 | 20260513140547.0 | ||
| 008 | 260513s2003 fr|a||| r|||| 000 0 eng d | ||
| 040 |
_aMX-MxUPN _bspa |
||
| 041 | 0 | _aeng | |
| 050 | 4 |
_aGC11.2 _bR39 2003 |
|
| 100 | 1 |
_aRayner, Ralph _959506 |
|
| 245 | 1 | 0 |
_aOperational oceanography : _ba perspective from the private sector |
| 260 |
_aParis : _bUnesco, _c2003 |
||
| 300 |
_a41 páginas : _bilustraciones |
||
| 490 | 0 | _aAnton Bruun Mmeorial Lecture | |
| 650 | 4 |
_aOceanografía _911043 |
|
| 902 | _aVíctorGodínez/130526 | ||
| 942 |
_2lcc _cFOLL |
||
| 999 |
_c215090 _d215090 |
||